Relación breve de la venida de los de la Compañía de Jesús a la Nueva España año de 1602 (Record no. 1258)

MARC details
000 -CABECERA
campo de control de longitud fija 00926nam a2200217 a 4500
001 - NÚMERO DE CONTROL
campo de control BRCA_1396
005 - FECHA Y HORA DE LA ÚLTIMA TRANSACCIÓN
campo de control 20190320203417.0
008 - DATOS DE LONGITUD FIJA--INFORMACIÓN GENERAL
campo de control de longitud fija 840703s1945 mx-h---###---#000-0#spa-#
050 #4 - SIGNATURA TOPOGRÁFICA DE LA BIBLIOTECA DEL CONGRESO
Número de clasificación BX3712
Número de documento/Ítem .R45 1945
245 10 - MENCIÓN DE TÍTULO
Título Relación breve de la venida de los de la Compañía de Jesús a la Nueva España año de 1602
Mención de responsabilidad, etc. Versión paleográfica del original, prólogo, notas y adiciones por Francisco González de Cossio.
260 ## - PUBLICACIÓN, DISTRIBUCIÓN, ETC.
Lugar de publicación, distribución, etc. México
Nombre del editor, distribuidor, etc. Imprenta Universitaria
Fecha de publicación, distribución, etc. 1945
300 ## - DESCRIPCIÓN FÍSICA
Extensión xvi, 122 p.
Dimensiones 23 cm.
500 ## - NOTA GENERAL
Nota general Incluye índice onomástico y apéndice
500 ## - NOTA GENERAL
Nota general Contenido: Manuscrito anónimo del Archivo Histórico de la Secretaría de Hacienda.
504 ## - NOTA DE BIBLIOGRAFÍA, ETC.
Nota de bibliografía, etc. Bibliografía: p. XV-XVI
610 24 - PUNTO DE ACCESO ADICIONAL DE MATERIA--NOMBRE DE ENTIDAD CORPORATIVA
Nombre de entidad corporativa o nombre de jurisdicción como elemento de entrada Jesuitas
Subdivisión geográfica México
9 (RLIN) 4567
653 0# - TÉRMINO DE INDIZACIÓN--NO CONTROLADO
Término no controlado Ordenes religiosas
700 1# - PUNTO DE ACCESO ADICIONAL--NOMBRE DE PERSONA
Nombre de persona González de Cossío, Francisco
9 (RLIN) 4568
710 2# - PUNTO DE ACCESO ADICIONAL--NOMBRE DE ENTIDAD CORPORATIVA
Nombre de entidad corporativa o nombre de jurisdicción como elemento de entrada México
Título de la obra Ministerio de hacienda y crédito público. Archivo
9 (RLIN) 4569
942 ## - ELEMENTOS DE PUNTO DE ACCESO ADICIONAL (KOHA)
Fuente del sistema de clasificación o colocación Library of Congress Classification
Tipo de ítem Koha Libros
Holdings
Estado de retiro Estado de pérdida Estado dañado No para préstamo Localización permanente Ubicación/localización actual Fecha de adquisición Total de préstamos Signatura topográfica completa Código de barras Fecha visto por última vez Precio válido a partir de Tipo de ítem Koha
El ejemplar forma parte de la colección y puede ser consultado según las políticas vigentes.       Biblioteca del Museo Franz Mayer (Rogerio Casas-Alatriste) Biblioteca del Museo Franz Mayer (Rogerio Casas-Alatriste) 26/06/2008   BX3712 .R45 1945 01918 22/03/2019 22/03/2019 Libros